Countries in WWII - Statistics

General Stats
  • This quiz has been taken 39 times
  • The average score is 26 of 37
Answer Stats
Answer % Correct
France
94%
Germany
94%
United Kingdom
94%
Belgium
92%
China
92%
Japan
92%
Poland
92%
Soviet Union
92%
United States
92%
Australia
89%
Denmark
86%
Hungary
86%
Italy
86%
Canada
83%
Netherlands
83%
Norway
83%
Bulgaria
78%
Finland
75%
Romania
72%
Yugoslavia
72%
Greece
69%
New Zealand
69%
Czechoslovakia
67%
Estonia
64%
Luxembourg
64%
Lithuania
61%
Portugal
61%
Latvia
58%
Iceland
56%
South Africa
56%
Turkey
56%
Thailand
53%
Iraq
42%
Slovakia/Slovak Republic
39%
Mongolia
33%
Danzig
11%
Tuvan People's Republic/Tuvan
3%
No matching quizzes found
Score Distribution
Percent of People with Each Score
Percentile by Number Answered
Your Score History
You have not taken this quiz